[Event "St Petersburg Korchnoi Memorial op"]
[Site "St Petersburg"]
[Date "2019.08.21"]
[Round "8"]
[White "Grunina, Margarita"]
[Black "Kovalenko, Kleopatra"]
[Result "0-1"]
[WhiteElo "1645"]
[BlackElo "1858"]
[PlyCount "136"]
[EventDate "2019.08.14"]
[EventType "swiss"]
[EventRounds "9"]
[EventCountry "RUS"]
[SourceTitle "CBM 192"]
[Source "ChessBase"]
[SourceDate "2019.10.31"]
[SourceVersion "1"]
[SourceVersionDate "2019.10.31"]
[SourceQuality "1"]

1. e4 c5 2. Nf3 e6 3. d4 cxd4 4. Nxd4 a6 5. c4 Nf6 6. Nc3 Bb4 7. Qd3 d6 8. f3 Nbd7 9. Be3 Ne5 10. Qd2 Qc7 11. a3 Bc5 12. Rc1 0-0 13. b4 Ba7 14. Be2 Qe7 15. 0-0 Bd7 16. Kh1 Rfc8 17. Nd1 Ng6 18. Nb2 e5 19. Nb3 Bxe3 20. Qxe3 Nf4 21. g3 Nxe2 22. Qxe2 Be6 23. Qd3 b6 24. Na4 Rab8 25. Nd2 Qc7 26. Rc3 Qd7 27. Nb2 Rc7 28. Nb3 Rbc8 29. a4 d5 30. c5 d4 31. Rc2 Bxb3 32. Qxb3 bxc5 33. bxc5 Rxc5 34. Rxc5 Rxc5 35. Nc4 Qc7 36. Rb1 h6 37. Nd2 Rc1+ 38. Kg2 Rc2 39. Rb2 Rxb2 40. Qxb2 Nd7 41. Qb3 Nb6 42. a5 Nd7 43. Nc4 Kh7 44. Nb6 Qc3 45. Qxf7 Nf6 46. Nd7 Nxd7 47. Qxd7 Qb2+ 48. Kh3 Qb8 49. g4 Qf8 50. Kg2 Qf4 51. Qd6 Qd2+ 52. Kh3 Qf2 53. Qd7 Qxf3+ 54. Kh4 Qxe4 55. Kh3 Qe3+ 56. Kg2 Qf4 57. h4 Qe4+ 58. Kh2 d3 59. h5 Qf4+ 60. Kh3 Qf3+ 61. Kh4 Qf6+ 62. Kh3 e4 63. Qd5 Qf3+ 64. Kh4 Qf4 65. Kh3 d2 66. Qe6 d1Q 67. Qg6+ Kg8 68. Qe6+ Qf7 0-1

[Event "St Petersburg Korchnoi Memorial op"]
[Site "St Petersburg"]
[Date "2019.08.19"]
[Round "6"]
[White "Martynyuk, Elizaveta"]
[Black "Kovalenko, Kleopatra"]
[Result "1-0"]
[WhiteElo "2134"]
[BlackElo "1858"]
[PlyCount "53"]
[EventDate "2019.08.14"]
[EventType "swiss"]
[EventRounds "9"]
[EventCountry "RUS"]
[SourceTitle "CBM 192"]
[Source "ChessBase"]
[SourceDate "2019.10.31"]
[SourceVersion "1"]
[SourceVersionDate "2019.10.31"]
[SourceQuality "1"]

1. e4 c5 2. Nf3 e6 3. d4 cxd4 4. Nxd4 a6 5. Bd3 Bc5 6. Nb3 Ba7 7. Nc3 Nc6 8. Qe2 d6 9. Be3 Nf6 10. Bxa7 Rxa7 11. g4 Nd7 12. 0-0-0 0-0 13. f4 b5 14. e5 d5 15. g5 g6 16. h4 Nb4 17. h5 Nxd3+ 18. Rxd3 Nb6 19. Ne4 Nd7 20. Qh2 Qe7 21. Nf6+ Nxf6 22. gxf6 Qd8 23. Rh3 Qd7 24. Qg3 Qe8 25. Nd4 Rc7 26. Qg5 Ra7 27. Qh6 1-0

[Event "Chigorin Memorial 26th"]
[Site "St Petersburg"]
[Date "2018.10.31"]
[Round "5"]
[White "Tsapalin, Sergey"]
[Black "Kovalenko, Kleopatra"]
[Result "1-0"]
[WhiteElo "2032"]
[BlackElo "1781"]
[PlyCount "85"]
[EventDate "2018.10.27"]
[EventType "swiss"]
[EventRounds "9"]
[EventCountry "RUS"]
[SourceTitle "CBM 187 Extra"]
[Source "ChessBase"]
[SourceDate "2018.11.04"]
[SourceVersion "1"]
[SourceVersionDate "2018.11.04"]
[SourceQuality "1"]

1. d4 Nf6 2. c4 g6 3. f3 Bg7 4. e4 d6 5. Nc3 0-0 6. Bg5 Nbd7 7. Nh3 c5 8. d5 a6 9. Be2 Rb8 10. a4 h6 11. Be3 Kh7 12. Nf2 Ne8 13. Qd2 Ndf6 14. g4 Ng8 15. h4 Qa5 16. Nfd1 Bd7 17. Ra3 Qd8 18. g5 h5 19. f4 Nc7 20. a5 b5 21. axb6 Rxb6 22. Bf3 Ne8 23. Qe2 Bxc3+ 24. Rxc3 Ng7 25. f5 Ba4 26. Bc1 Rb3 27. Rxb3 Bxb3 28. Bd2 a5 29. Bc3 a4 30. Ne3 e5 31. dxe6 fxe6 32. f6 e5 33. fxg7 Kxg7 34. 0-0 Qd7 35. Bg2 Ra8 36. Nd5 Qa7 37. Bh3 Qa6 38. Nc7 Bxc4 39. Qf2 Bxf1 40. Nxa6 Bxh3 41. Nc7 Rc8 42. Nb5 Rd8 43. Nxd6 1-0

[Event "Chigorin Memorial 26th"]
[Site "St Petersburg"]
[Date "2018.10.28"]
[Round "2"]
[White "Kovalenko, Kleopatra"]
[Black "Torres Dominguez, David"]
[Result "0-1"]
[WhiteElo "1781"]
[BlackElo "2067"]
[PlyCount "64"]
[EventDate "2018.10.27"]
[EventType "swiss"]
[EventRounds "9"]
[EventCountry "RUS"]
[SourceTitle "CBM 187 Extra"]
[Source "ChessBase"]
[SourceDate "2018.11.04"]
[SourceVersion "1"]
[SourceVersionDate "2018.11.04"]
[SourceQuality "1"]

1. e4 e5 2. Nf3 Nc6 3. Bc4 Bc5 4. d3 d6 5. c3 Nf6 6. h3 a6 7. a4 Be6 8. Nbd2 0-0 9. 0-0 Ba7 10. Re1 h6 11. b4 Ne7 12. Rb1 Ng6 13. b5 Nf4 14. Nf1 Bxc4 15. dxc4 Ne6 16. Ng3 Nc5 17. Qc2 axb5 18. axb5 Qd7 19. Nh4 Qe6 20. Qe2 Bb6 21. Nhf5 Ncxe4 22. Nxh6+ gxh6 23. Nxe4 Nxe4 24. Qxe4 Ra4 25. Rb4 Ra2 26. Be3 Ba5 27. Qxb7 f5 28. c5 f4 29. Bc1 dxc5 30. Bxf4 cxb4 31. Rxe5 Qf7 32. cxb4 Bb6 0-1

[Event "St Petersburg Korchnoi Memorial op"]
[Site "St Petersburg"]
[Date "2018.08.22"]
[Round "8"]
[White "Kovalenko, Kleopatra"]
[Black "Bulsoev, Alexander"]
[Result "1-0"]
[WhiteElo "1756"]
[BlackElo "1839"]
[PlyCount "69"]
[EventDate "2018.08.15"]
[EventType "swiss"]
[EventRounds "9"]
[EventCountry "RUS"]
[SourceTitle "CBM 186 Extra"]
[Source "ChessBase"]
[SourceDate "2018.08.24"]
[SourceVersion "1"]
[SourceVersionDate "2018.08.24"]
[SourceQuality "1"]

1. e4 e5 2. Nf3 Nf6 3. Nxe5 d6 4. Nf3 Nxe4 5. Nc3 Nxc3 6. dxc3 Nc6 7. Be3 Be7 8. Qd2 Be6 9. 0-0-0 Qd7 10. Kb1 0-0-0 11. Nd4 a6 12. Nxe6 fxe6 13. g3 Bf6 14. h4 Kb8 15. f4 e5 16. Bh3 Qe7 17. Rhe1 Rde8 18. c4 Qd8 19. Bg2 exf4 20. Bxc6 Rxe3 21. Qb4 Qc8 22. Rxe3 fxe3 23. Rd3 Ka7 24. Be4 Rf8 25. a3 c5 26. Qe1 Bd4 27. c3 Qg4 28. cxd4 e2 29. Bg2 cxd4 30. Ka2 Rf7 31. Rb3 b6 32. Qb4 b5 33. cxb5 e1Q 34. b6+ Kb8 35. Qxd6+ 1-0

[Event "St Petersburg Korchnoi Memorial op"]
[Site "St Petersburg"]
[Date "2018.08.17"]
[Round "3"]
[White "Yurasova, Daria"]
[Black "Kovalenko, Kleopatra"]
[Result "1-0"]
[WhiteElo "2026"]
[BlackElo "1756"]
[PlyCount "63"]
[EventDate "2018.08.15"]
[EventType "swiss"]
[EventRounds "9"]
[EventCountry "RUS"]
[SourceTitle "CBM 186 Extra"]
[Source "ChessBase"]
[SourceDate "2018.08.24"]
[SourceVersion "1"]
[SourceVersionDate "2018.08.24"]
[SourceQuality "1"]

1. d4 d5 2. Nf3 c6 3. g3 Bg4 4. Bg2 Nf6 5. 0-0 Nbd7 6. b3 e6 7. Bb2 Be7 8. c4 a5 9. Nc3 0-0 10. Re1 Bb4 11. a3 Bxc3 12. Bxc3 a4 13. bxa4 dxc4 14. Nd2 Nd5 15. Bb4 c3 16. Ne4 Nxb4 17. axb4 Qb6 18. Qb3 c2 19. Nc5 Nf6 20. h3 Bh5 21. e3 Rfd8 22. Qxc2 Nd5 23. a5 Qc7 24. Qc4 b6 25. Nb3 bxa5 26. Nxa5 Rdb8 27. Nxc6 Rxa1 28. Rxa1 Rc8 29. Bxd5 exd5 30. Ne7+ Kf8 31. Qxc7 Rxc7 32. Nxd5 1-0

[Event "St Petersburg Korchnoi Memorial op"]
[Site "St Petersburg"]
[Date "2018.08.16"]
[Round "2"]
[White "Kovalenko, Kleopatra"]
[Black "Zhukov, Ivan"]
[Result "1/2-1/2"]
[WhiteElo "1756"]
[BlackElo "2061"]
[PlyCount "105"]
[EventDate "2018.08.15"]
[EventType "swiss"]
[EventRounds "9"]
[EventCountry "RUS"]
[SourceTitle "CBM 186 Extra"]
[Source "ChessBase"]
[SourceDate "2018.08.24"]
[SourceVersion "1"]
[SourceVersionDate "2018.08.24"]
[SourceQuality "1"]

1. e4 c5 2. Nf3 d6 3. d4 cxd4 4. Nxd4 Nf6 5. Nc3 a6 6. Bc4 e6 7. Bg5 Be7 8. Bb3 b5 9. 0-0 0-0 10. Qf3 Qc7 11. a3 Nbd7 12. Qg3 Nc5 13. Bh6 Ne8 14. Ba2 Kh8 15. Bg5 Nf6 16. Rfe1 Bb7 17. Qh4 Kg8 18. Re3 Rfe8 19. Rae1 Ncd7 20. Rg3 Bd8 21. Nd5 Bxd5 22. exd5 exd5 23. Rxe8+ Nxe8 24. Bxd5 Bxg5 25. Qxg5 Rc8 26. Nf5 Qxc2 27. Bxf7+ Kh8 28. h3 Qxb2 29. Bxe8 Rxe8 30. Qxg7+ Qxg7 31. Rxg7 Re1+ 32. Kh2 Re5 33. Rxd7 Rxf5 34. Rxd6 Rxf2 35. Rxa6 Rb2 36. Ra7 b4 37. axb4 Rxb4 38. Re7 Kg8 39. Kg3 Ra4 40. h4 h6 41. h5 Rb4 42. Kf3 Rb5 43. g4 Rb4 44. Re4 Rb5 45. Kf4 Kf7 46. Rc4 Rb7 47. Rc5 Kf6 48. Rc6+ Kg7 49. Rg6+ Kh7 50. Re6 Kg7 51. Kf5 Ra7 52. Rg6+ Kh7 53. Rd6 1/2-1/2

[Event "Chigorin Memorial 25th"]
[Site "St Petersburg"]
[Date "2017.10.21"]
[Round "1"]
[White "Kovalenko, Kleopatra"]
[Black "Bykov, Oleg1111"]
[Result "0-1"]
[WhiteElo "1879"]
[BlackElo "2333"]
[PlyCount "78"]
[EventDate "2017.10.21"]
[EventType "swiss"]
[EventRounds "9"]
[EventCountry "RUS"]
[SourceTitle "CBM 181 Extra"]
[Source "ChessBase"]
[SourceDate "2017.12.12"]
[SourceVersion "1"]
[SourceVersionDate "2017.12.12"]
[SourceQuality "1"]

1. e4 d6 2. d4 g6 3. Nc3 Bg7 4. Be3 a6 5. Qd2 b5 6. f3 Bb7 7. g4 h5 8. gxh5 Rxh5 9. Nce2 Nd7 10. Ng3 Rh8 11. 0-0-0 c5 12. dxc5 Nxc5 13. Bd4 Nf6 14. Kb1 Rc8 15. h4 Ne6 16. Bc3 Rxc3 17. Qxc3 Nxe4 18. Qe1 Nxg3 19. Qxg3 Qa5 20. Qe1 Qxe1 21. Rxe1 Bf6 22. Bd3 Nf4 23. Be4 d5 24. Bd3 Rxh4 25. Ne2 Ng2 26. Reg1 e5 27. Ng3 Nf4 28. Rxh4 Bxh4 29. Ne2 Ne6 30. a4 e4 31. Bxe4 dxe4 32. fxe4 Bxe4 33. Rg4 Bf3 34. Rxh4 Bxe2 35. axb5 axb5 36. Re4 Bf3 37. Re5 Bc6 38. Kc1 g5 39. Kd2 g4 0-1

[Event "St Petersburg Summer op"]
[Site "St Petersburg"]
[Date "2017.08.21"]
[Round "6"]
[White "Kovalenko, Kleopatra"]
[Black "Shmagin, Konstantin"]
[Result "0-1"]
[WhiteElo "1882"]
[BlackElo "2053"]
[PlyCount "54"]
[EventDate "2017.08.16"]
[EventType "swiss"]
[EventRounds "9"]
[EventCountry "RUS"]
[SourceTitle "CBM 180 Extra"]
[Source "ChessBase"]
[SourceDate "2017.10.06"]
[SourceVersion "1"]
[SourceVersionDate "2017.10.06"]
[SourceQuality "1"]

1. e4 e5 2. Nf3 Nc6 3. Bc4 Bc5 4. b4 Bxb4 5. c3 Be7 6. d4 Na5 7. Be2 exd4 8. Qxd4 d6 9. Qxg7 Bf6 10. Qg3 Qe7 11. Bd3 Bd7 12. Nd4 0-0-0 13. Qe3 h5 14. 0-0 Nh6 15. h3 Rdg8 16. Nd2 Bxd4 17. cxd4 Qh4 18. Kh1 Rxg2 19. Kxg2 Rg8+ 20. Qg3 Rxg3+ 21. fxg3 Bxh3+ 22. Kf2 Ng4+ 23. Ke2 Bxf1+ 24. Nxf1 Qf6 25. Rb1 Qf2+ 26. Kd1 Qxd4 27. Ke2 Nf2 0-1

[Event "St Petersburg Summer op"]
[Site "St Petersburg"]
[Date "2017.08.19"]
[Round "4"]
[White "Kovalenko, Kleopatra"]
[Black "Shinkevich, Maksim"]
[Result "1/2-1/2"]
[WhiteElo "1882"]
[BlackElo "2108"]
[PlyCount "90"]
[EventDate "2017.08.16"]
[EventType "swiss"]
[EventRounds "9"]
[EventCountry "RUS"]
[SourceTitle "CBM 180 Extra"]
[Source "ChessBase"]
[SourceDate "2017.10.06"]
[SourceVersion "1"]
[SourceVersionDate "2017.10.06"]
[SourceQuality "1"]

1. e4 c5 2. Nf3 d6 3. d4 cxd4 4. Nxd4 Nf6 5. Nc3 Nc6 6. Bc4 Qb6 7. Nb3 Bg4 8. Be2 Bxe2 9. Qxe2 e6 10. Be3 Qc7 11. 0-0 Be7 12. Rad1 a6 13. f4 Nd7 14. f5 Nce5 15. fxe6 fxe6 16. Nd4 Nf8 17. Qh5+ Neg6 18. Nce2 Bf6 19. Nf4 Qd7 20. Nf5 d5 21. Bc5 0-0-0 22. Nd6+ Kb8 23. Nxg6 Nxg6 24. exd5 Qc7 25. dxe6 Be5 26. Ne4 Qc6 27. Rxd8+ Rxd8 28. e7 Re8 29. Rf8 b6 30. Rxe8+ Qxe8 31. Ba3 Qd7 32. c3 Bc7 33. g3 Nxe7 34. Bxe7 Qxe7 35. Qxh7 Qe6 36. b3 Kb7 37. Nf2 Qe1+ 38. Kg2 Qxc3 39. Qe4+ Kb8 40. Qd3 Qc6+ 41. Qf3 Qc5 42. Qd3 Qc6+ 43. Qf3 Qc5 44. Qe2 Qc6+ 45. Qf3 Qc5 1/2-1/2